| 000 | 01386nam a2200361 i 4500 | ||
|---|---|---|---|
| 001 | bg | ||
| 003 | BPK | ||
| 005 | 20200407125607.0 | ||
| 008 | 980130s1997 pl a f f |001 0 pol | ||
| 015 | _aPB 1998/210 | ||
| 020 | _a8320421608 | ||
| 040 |
_aWA N _cBPK |
||
| 080 | _a004.42 | ||
| 080 | _a519.61/.64 | ||
| 080 | _a519.2 | ||
| 080 | _a(075.8) | ||
| 100 | 1 | _aWieczorkowski, Robert. | |
| 245 | 1 | 0 |
_aKomputerowe generatory liczb losowych / _cRobert Wieczorkowski, Ryszard Zieliński. |
| 260 |
_aWarszawa : _bWydawnictwa Naukowo-Techniczne, _c1997. |
||
| 300 |
_a134 s. : _brys., wykr. ; _c24 cm. |
||
| 504 | _aBibliogr. s. 126-131. - Indeks. | ||
| 521 | _aDla studentów, pracowników naukowych i wszystkich zajmujących się próbami losowymi oraz symulacjami komputerowymi w różnych dziedzinach nauki. | ||
| 650 | 4 | _aGeneratory liczb losowych. | |
| 650 | 4 | _aProgramy komputerowe | |
| 650 | 4 |
_aRachunek prawdopodobieństwa _xkomputeryzacja. |
|
| 650 | 4 |
_aStatystyka matematyczna _xmetody. |
|
| 655 | 4 | _aPodręczniki akademickie | |
| 650 | 4 | _aAnaliza numeryczna | |
| 710 | 2 |
_aWydawnictwa Naukowo-Techniczne _4pbl. |
|
| 700 | 1 |
_aZieliński, Ryszard _d(1932-2012) _eAutor |
|
| 856 |
_uhttp://koha.tu.koszalin.pl/cgi-bin/koha/opac-detail.pl?biblionumber=37529 _yKatalogonline BPK |
||
| 942 |
_2UKD _cKS |
||
| 999 |
_c37529 _d37529 |
||